| 000 | 00000nam##2200000za#4500 |
| 001 | 9.662548 |
| 003 | CaOODSP |
| 005 | 20210615120617 |
| 007 | ta |
| 008 | 150407|2001||||xxc||||| f|0| 0 fre|d |
| 020 | |a0-662-65520-6 |
| 040 | |aCaOODSP|bfre |
| 041 | |aeng |
| 041 | |afre |
| 043 | |an-cn--- |
| 086 | 1 |aSW21-76/2001 |
| 110 | 1 |aCanada. |bCondition féminine Canada. |
| 245 | 10|aLes mères en tant que soutiens économiques et dispensatrices de soins : |bla responsabilité à l'égard des enfants, la politique sociale et le régime fiscal / |cpar Christa Freiler et al. |
| 260 | |aOttawa - Ontario : |bCondition féminine Canada |c2001. |
| 300 | |aTexte français, x, 134p. ; |c28 cm. |
| 500 | |aDonnées de catalogage avant publication (Canada) imprimées dans cette publication. «Le présent rapport porte sur le recours à la fiscalité comme instrument de politique sociale pour favoriser l'égalité des femmes, réduire leur vulnérabilité économique et aider les mères à titre de soutiens économiques et de dispensatrices de soin; ont formule aussi des recommandations à cet égard.»--Résumé. |
| 520 | 3 |aLe présent rapport porte sur le recours à la fiscalité comme instrument de politique sociale pour favoriser l'égalité des femmes, réduire leur vulnérabilité économique et aider les mères à titre de soutiens économiques et de dispensatrices de soin; ont formule aussi des recommandations à cet égard.--Résumé |
| 546 | |aBilingue |
| 563 | |aCouverture souple |
| 590 | |a01-14|b2001-04-06 |
| 691 | 07|aPolitique sociale|2gcpds |
| 691 | 07|aPolitique fiscale|2gcpds |
| 691 | 07|aEnfant|2gcpds |
| 691 | 07|aCondition de la femme|2gcpds |
| 720 | 1 |aFreiler, Christa |
| 776 | 0#|tLes mères en tant que soutiens économiques et dispensatrices de soins : |w(CaOODSP)9.632913 |
| 776 | 0#|tMothers as earners, mothers as carers : |w(CaOODSP)9.688488 |
| 791 | |tMothers as earners, mothers as carers : |eeng|w(CaOODSP)9.662547 |